| 000 | 00449nam a22001697a 4500 | ||
|---|---|---|---|
| 005 | 20251108172358.0 | ||
| 008 | 250721s1982 xx 000 0 eng d | ||
| 082 | 1 | 4 | _a420.7/BAK |
| 100 | 1 | _aBaker, Ann | |
| 245 | 1 | 0 |
_aThree or three : _bAn elementary pronunciations course / |
| 264 | 1 |
_aCambridge : _bCambridge University Press, _c1982. |
|
| 300 | _a121p. | ||
| 650 | 1 | 7 | _aLanguages |
| 650 | 1 | 7 | _aTeaching |
| 942 |
_2ddc _cBK |
||
| 999 |
_c77713 _d77713 |
||